[Event "Wch U18 Girls"]
[Site "Durban"]
[Date "2014.09.28"]
[Round "10"]
[White "Wafa, Shrook"]
[Black "Wang, Yan"]
[Result "1-0"]
[WhiteElo "2141"]
[BlackElo "1691"]
[PlyCount "91"]
[EventDate "2014.09.20"]
[EventType "swiss"]
[EventRounds "11"]
[EventCountry "RSA"]
[SourceTitle "EXT 2022"]
[Source "ChessBase"]
[SourceDate "2021.10.06"]
[SourceVersion "1"]
[SourceVersionDate "2021.10.06"]
[SourceQuality "1"]

1. e4 c5 2. Nf3 Nc6 3. Bb5 g6 4. 0-0 Bg7 5. Bxc6 bxc6 6. d3 Nf6 7. Nc3 0-0 8. h3 d5 9. Bf4 Ba6 10. e5 Nd7 11. Re1 e6 12. Qd2 Re8 13. Bh6 Bh8 14. h4 Qb8 15. Bf4 Qxb2 16. h5 Qb8 17. Rab1 Qc7 18. hxg6 fxg6 19. Nh2 Rf8 20. Nf3 Rf5 21. d4 Raf8 22. Bg3 c4 23. Ne2 Bg7 24. Nf4 Re8 25. Nh4 Rf7 26. Nf3 Nf8 27. Nh3 Rf5 28. Bf4 Rf7 29. Qb4 Rd7 30. Qa3 Bb5 31. Bd2 Rf7 32. Bb4 h6 33. Bd6 Qc8 34. Qc1 Nh7 35. Nh2 Qd8 36. g3 g5 37. Qd1 Nf8 38. Qh5 Rf5 39. Ng4 Kh7 40. Ne3 Ng6 41. Nxf5 exf5 42. a4 Bxa4 43. Rb8 Qd7 44. Nxg5+ Kg8 45. Qxg6 Rxb8 46. Qh7# 1-0

[Event "Wch U18 Girls"]
[Site "Durban"]
[Date "2014.09.27"]
[Round "9"]
[White "Wang, Yan"]
[Black "Doan, Thi Hong Nhung"]
[Result "0-1"]
[WhiteElo "1691"]
[BlackElo "1903"]
[PlyCount "61"]
[EventDate "2014.09.20"]
[EventType "swiss"]
[EventRounds "11"]
[EventCountry "RSA"]
[SourceTitle "CBM 162 Extra"]
[Source "ChessBase"]
[SourceDate "2014.10.17"]
[SourceVersion "1"]
[SourceVersionDate "2014.10.17"]
[SourceQuality "1"]

1. e4 e6 2. d4 d5 3. Nd2 dxe4 4. Nxe4 Bd7 5. Nf3 Bc6 6. Bd3 Nd7 7. 0-0 Ngf6 8. Qe2 Be7 9. c3 0-0 10. Ned2 Re8 11. Nc4 Bb5 12. a4 Ba6 13. b4 Bxc4 14. Bxc4 Nd5 15. Bd2 Bd6 16. Qd3 Qf6 17. Qc2 Nf4 18. Qe4 Qg6 19. Qxg6 Nxg6 20. Rfe1 h6 21. g3 e5 22. Kg2 a5 23. Bb3 exd4 24. Nxd4 Be5 25. f4 Bf6 26. b5 Nc5 27. Bc2 Ne7 28. Kf3 Nd5 29. Rxe8+ Rxe8 30. Ne2 Kf8 31. Ra3 0-1

[Event "Wch U18 Girls"]
[Site "Durban"]
[Date "2014.09.26"]
[Round "8"]
[White "Koh, Clarise"]
[Black "Wang, Yan"]
[Result "0-1"]
[WhiteElo "1446"]
[BlackElo "1691"]
[PlyCount "32"]
[EventDate "2014.09.20"]
[EventType "swiss"]
[EventRounds "11"]
[EventCountry "RSA"]
[SourceTitle "CBM 162 Extra"]
[Source "ChessBase"]
[SourceDate "2014.10.17"]
[SourceVersion "1"]
[SourceVersionDate "2014.10.17"]
[SourceQuality "1"]

1. e4 c5 2. Nf3 Nc6 3. d4 cxd4 4. Nxd4 e6 5. Nc3 Nf6 6. Be3 Bb4 7. f3 d5 8. Nxc6 Bxc3+ 9. bxc3 bxc6 10. e5 Nd7 11. f4 0-0 12. h4 f6 13. Bd3 fxe5 14. fxe5 Qe8 15. Rf1 Rxf1+ 16. Kxf1 Nxe5 0-1

[Event "CAN-ch U16/18 Girls"]
[Site "Montreal"]
[Date "2014.07.18"]
[Round "7"]
[White "Ma, Indy"]
[Black "Wang, Yan"]
[Result "1-0"]
[WhiteElo "1631"]
[BlackElo "1574"]
[PlyCount "51"]
[EventDate "2014.07.15"]
[EventType "swiss"]
[EventRounds "7"]
[EventCountry "CAN"]
[SourceTitle "EXT 2022"]
[Source "ChessBase"]
[SourceDate "2021.10.06"]
[SourceVersion "1"]
[SourceVersionDate "2021.10.06"]
[SourceQuality "1"]

1. d4 d5 2. c4 c6 3. Nf3 Nf6 4. Nc3 Nbd7 5. e3 e6 6. Bd3 Be7 7. 0-0 0-0 8. Qc2 h6 9. a3 a5 10. e4 dxe4 11. Nxe4 Nxe4 12. Bxe4 Nf6 13. Bf4 Bd6 14. Bg3 Ng4 15. Ne5 h5 16. Qe2 f5 17. Bc2 f4 18. Qd3 Bxe5 19. Qh7+ Kf7 20. Qxh5+ Ke7 21. dxe5 fxg3 22. Qg5+ Nf6 23. Qxg7+ Rf7 24. exf6+ Ke8 25. Qg8+ Rf8 26. Bg6+ 1-0

[Event "Montreal op U2000"]
[Site "Montreal"]
[Date "2011.09.11"]
[Round "4"]
[White "Giroux, Robert"]
[Black "Wang, Yan"]
[Result "1/2-1/2"]
[WhiteElo "1834"]
[BlackElo "1587"]
[PlyCount "119"]
[EventDate "2011.09.09"]
[EventType "swiss"]
[EventRounds "5"]
[EventCountry "CAN"]
[SourceTitle "EXT 2022"]
[Source "ChessBase"]
[SourceDate "2021.10.06"]
[SourceVersion "1"]
[SourceVersionDate "2021.10.06"]
[SourceQuality "1"]

1. d4 d5 2. Nf3 Nf6 3. c4 c6 4. e3 e6 5. b3 Be7 6. Bd3 0-0 7. 0-0 c5 8. Bb2 Nc6 9. Nbd2 Nb4 10. Bb1 b6 11. Ne5 Bb7 12. Qf3 Nd7 13. Nxd7 Qxd7 14. Qh3 f5 15. Nf3 Nc6 16. cxd5 Qxd5 17. dxc5 Qxc5 18. Bd3 Bf6 19. Rac1 Qe7 20. Bxf6 Qxf6 21. e4 Nb4 22. e5 Qe7 23. Bb1 Nd5 24. Rfd1 Rac8 25. Rc4 Rxc4 26. bxc4 Nc7 27. Qg3 Rd8 28. Qf4 Qb4 29. Qh4 Rd7 30. Rf1 Qc3 31. Ng5 h6 32. Nxe6 Nxe6 33. Bxf5 Qxe5 34. Qh5 Kf8 35. Qg4 Rd6 36. Bxe6 Qxe6 37. Qf4+ Qf6 38. Qg3 Bc6 39. Re1 g5 40. Qa3 a5 41. c5 bxc5 42. Qxc5 a4 43. Rd1 Ke7 44. h3 Kd7 45. Qa7+ Ke6 46. Re1+ Kf5 47. Qh7+ Qg6 48. g4+ Kf4 49. Qe7 Be4 50. Rxe4+ Qxe4 51. Qxd6+ Kf3 52. Qf6+ Ke2 53. Qb2+ Kd3 54. Qb1+ Kd4 55. Qb4+ Kd3 56. Qb5+ Kd2 57. Qb2+ Kd3 58. Qb5+ Qc4 59. Qf5+ Kd2 60. Qd7+ 1/2-1/2

[Event "CAN-ch U14 Girls"]
[Site "Windsor"]
[Date "2010.07.09"]
[Round "7"]
[White "Roussel, Lauriane"]
[Black "Wang, Yan"]
[Result "0-1"]
[WhiteElo "1006"]
[BlackElo "1577"]
[PlyCount "54"]
[EventDate "2010.07.06"]
[EventType "swiss"]
[EventRounds "7"]
[EventCountry "CAN"]
[SourceTitle "EXT 2012"]
[Source "ChessBase"]
[SourceDate "2011.11.24"]
[SourceVersion "1"]
[SourceVersionDate "2011.11.24"]
[SourceQuality "1"]

1. e4 c5 2. Nf3 Nc6 3. d4 cxd4 4. Nxd4 g6 5. Nxc6 bxc6 6. Bc4 Nf6 7. Nc3 Qc7 8. g3 Bg7 9. Bf4 Qb6 10. Be3 Qxb2 11. e5 Qxc3+ 12. Bd2 Qxc4 13. exf6 Bxf6 14. Rb1 Qe4+ 15. Be3 Qxh1+ 16. Ke2 Ba6+ 17. Kd2 Qd5+ 18. Kc1 Qxa2 19. Qd2 Qa3+ 20. Kd1 Bc3 21. Qxc3 Qxc3 22. Bd2 Qc4 23. f4 Qf1+ 24. Be1 Qe2+ 25. Kc1 Qxe1+ 26. Kb2 Rb8+ 27. Ka2 Qa5# 0-1

[Event "CAN-ch U14 Girls"]
[Site "Windsor"]
[Date "2010.07.08"]
[Round "6"]
[White "Wang, Yan"]
[Black "Xiao, Alice"]
[Result "1-0"]
[WhiteElo "1577"]
[BlackElo "1720"]
[PlyCount "67"]
[EventDate "2010.07.06"]
[EventType "swiss"]
[EventRounds "7"]
[EventCountry "CAN"]
[SourceTitle "EXT 2012"]
[Source "ChessBase"]
[SourceDate "2011.11.24"]
[SourceVersion "1"]
[SourceVersionDate "2011.11.24"]
[SourceQuality "1"]

1. e4 d5 2. exd5 Qxd5 3. Nc3 Qa5 4. Nf3 c6 5. h3 e5 6. Bc4 Be7 7. 0-0 Bf5 8. d3 Nf6 9. Bd2 Qc7 10. Re1 Nbd7 11. Qe2 Bd6 12. d4 e4 13. Nh4 Bg6 14. Nxg6 hxg6 15. Nxe4 0-0-0 16. Ng5 Rh5 17. Bxf7 Nf8 18. Bb3 Kb8 19. c3 N6h7 20. Nf7 Rc8 21. Nxd6 Qxd6 22. Qe7 Qf6 23. Re2 Ng5 24. Rae1 Qf5 25. Qe5+ Qxe5 26. Rxe5 Ngh7 27. Re7 Rf5 28. Rxg7 c5 29. Ree7 Rd8 30. Rxb7+ Ka8 31. Bc2 Rfd5 32. Rxa7+ Kb8 33. Bf4+ Kc8 34. Ra8# 1-0

[Event "CAN-ch U14 Girls"]
[Site "Windsor"]
[Date "2010.07.07"]
[Round "3"]
[White "Wang, Yan"]
[Black "Kalaydina, Regina Veronicka"]
[Result "1/2-1/2"]
[WhiteElo "1577"]
[BlackElo "1957"]
[PlyCount "92"]
[EventDate "2010.07.06"]
[EventType "swiss"]
[EventRounds "7"]
[EventCountry "CAN"]
[SourceTitle "EXT 2012"]
[Source "ChessBase"]
[SourceDate "2011.11.24"]
[SourceVersion "1"]
[SourceVersionDate "2011.11.24"]
[SourceQuality "1"]

1. e4 c5 2. Nf3 d6 3. d4 cxd4 4. Nxd4 Nf6 5. Nc3 e6 6. f3 Be7 7. Be3 Nc6 8. Qd2 a6 9. Be2 Qc7 10. g4 b5 11. g5 Nd7 12. f4 Bb7 13. a3 Na5 14. f5 e5 15. Nf3 Nc4 16. Bxc4 Qxc4 17. Qd3 Rc8 18. h4 b4 19. Qxc4 Rxc4 20. Nd2 Rxc3 21. bxc3 bxc3 22. Nb1 Bxe4 23. Rf1 d5 24. Nxc3 Bc5 25. Nxe4 Bxe3 26. Ke2 Bd4 27. c3 Bb6 28. Nf2 0-0 29. Ng4 Rc8 30. Rfd1 Rc5 31. Rab1 d4 32. cxd4 Rc2+ 33. Rd2 Rxd2+ 34. Kxd2 exd4 35. f6 h5 36. gxh6 gxh6 37. Nxh6+ Kh7 38. Nxf7 Kg6 39. Ne5+ Nxe5 40. Rxb6 Nc4+ 41. Kd3 Nxb6 42. Kxd4 Kxf6 43. Kc5 Na4+ 44. Kc6 Kg6 45. Kb7 a5 46. Ka6 Nb2 1/2-1/2

[Event "CAN-ch U14 Girls"]
[Site "Windsor"]
[Date "2010.07.06"]
[Round "1"]
[White "Vyravanathan, Sobiga"]
[Black "Wang, Yan"]
[Result "0-1"]
[WhiteElo "1242"]
[BlackElo "1577"]
[PlyCount "130"]
[EventDate "2010.07.06"]
[EventType "swiss"]
[EventRounds "7"]
[EventCountry "CAN"]
[SourceTitle "EXT 2012"]
[Source "ChessBase"]
[SourceDate "2011.11.24"]
[SourceVersion "1"]
[SourceVersionDate "2011.11.24"]
[SourceQuality "1"]

1. e4 c5 2. Nf3 Nc6 3. d4 cxd4 4. Nxd4 g6 5. Nc3 Bg7 6. Be3 d6 7. Bb5 Bd7 8. Qd2 Nf6 9. 0-0 0-0 10. Rfe1 Ng4 11. Nxc6 bxc6 12. Bd3 Nxe3 13. Qxe3 Qa5 14. Qd2 Rab8 15. Reb1 Rxb2 16. Rxb2 Bxc3 17. Qc1 Bxb2 18. Qxb2 Qb6 19. Qc1 Rb8 20. h3 Qb2 21. Qe1 Be6 22. a3 Ba2 23. Qd1 Qxa1 24. Qxa1 Rb1+ 25. Qxb1 Bxb1 26. Kf1 Kf8 27. Ke1 Ba2 28. Kd2 Be6 29. Kc3 c5 30. Bc4 Bd7 31. Kb3 Ke8 32. a4 e6 33. Bb5 d5 34. exd5 exd5 35. g4 Kd8 36. f4 Kc7 37. Ka3 h5 38. gxh5 gxh5 39. h4 Bxb5 40. axb5 Kb6 41. Ka4 f5 42. c3 a6 43. bxa6 Kxa6 44. Kb3 Kb5 45. Kc2 Kc4 46. Kd2 d4 47. cxd4 Kxd4 48. Ke2 Ke4 49. Kd2 Kxf4 50. Kc3 Kg4 51. Kc4 f4 52. Kxc5 f3 53. Kd4 f2 54. Ke3 f1Q 55. Kd4 Qe2 56. Kd5 Kf5 57. Kc5 Qd3 58. Kc6 Ke6 59. Kc5 Qd5+ 60. Kb6 Qc4 61. Kb7 Kd6 62. Kb8 Qc7+ 63. Ka8 Qh7 64. Kb8 Kc6 65. Kc8 Qc7# 0-1

[Event "CAN-ch U14 Girls"]
[Site "Windsor"]
[Date "2010.07.06"]
[Round "2"]
[White "Wang, Yan"]
[Black "Robinson, Emily"]
[Result "1-0"]
[WhiteElo "1577"]
[BlackElo "1112"]
[PlyCount "85"]
[EventDate "2010.07.06"]
[EventType "swiss"]
[EventRounds "7"]
[EventCountry "CAN"]
[SourceTitle "EXT 2012"]
[Source "ChessBase"]
[SourceDate "2011.11.24"]
[SourceVersion "1"]
[SourceVersionDate "2011.11.24"]
[SourceQuality "1"]

1. e4 e5 2. Nf3 d6 3. d4 Nc6 4. Bb5 Bd7 5. dxe5 a6 6. Bxc6 Bxc6 7. exd6 cxd6 8. Nc3 Nf6 9. 0-0 Be7 10. Re1 0-0 11. Nd4 Bd7 12. h3 b5 13. a3 Bc8 14. Bf4 Bb7 15. Nf5 d5 16. exd5 Bxd5 17. Nxe7+ Kh8 18. Nexd5 Ra7 19. Nxf6 Qxf6 20. Qd6 Qxd6 21. Bxd6 Rd8 22. Bc5 Rc7 23. Bb6 Rcc8 24. Bxd8 Rxd8 25. Re7 f6 26. Rae1 h6 27. Re8+ Rxe8 28. Rxe8+ Kh7 29. Re6 a5 30. Nxb5 Kg6 31. Kh2 Kf7 32. Nd4 g5 33. Kg3 Kg6 34. Kg4 h5+ 35. Kf3 Kg7 36. Ke4 Kg6 37. Nf3 Kf7 38. Kf5 Kg7 39. Re7+ Kf8 40. Kxf6 Kg8 41. Ra7 g4 42. Ng5 gxh3 43. Ra8# 1-0

[Event "Quebec-ch qual"]
[Site "Montreal"]
[Date "2009.05.30"]
[Round "3"]
[White "O'Connor, Michael"]
[Black "Wang, Yan"]
[Result "1-0"]
[WhiteElo "1754"]
[BlackElo "1598"]
[PlyCount "71"]
[EventDate "2009.05.29"]
[EventType "swiss"]
[EventRounds "5"]
[EventCountry "CAN"]
[SourceTitle "EXT 2011"]
[Source "ChessBase"]
[SourceDate "2010.11.26"]
[SourceVersion "1"]
[SourceVersionDate "2010.11.26"]
[SourceQuality "1"]

1. d4 d5 2. e3 Nf6 3. Bd3 e6 4. Nd2 Nbd7 5. f4 c5 6. c3 c4 7. Bc2 b5 8. Ngf3 Qc7 9. Ne5 Ng8 10. 0-0 a5 11. e4 Ndf6 12. g4 Bb7 13. Qe2 Ne7 14. f5 exf5 15. exf5 Nd7 16. Ndf3 f6 17. Nxd7 Qxd7 18. a4 b4 19. Re1 b3 20. Bb1 0-0-0 21. Bf4 g5 22. Bg3 Re8 23. Ne5 fxe5 24. Qxe5 Kd8 25. Qxh8 Nc6 26. Rxe8+ Qxe8 27. Qf6+ Be7 28. Qe6 Qd7 29. Qg8+ Qe8 30. Qxd5+ Kc8 31. f6 Nxd4 32. Qxd4 Bc6 33. Bf5+ Kb7 34. fxe7 Qxe7 35. Re1 Qf7 36. Qc5 1-0

[Event "CAN-ch U12 Girls"]
[Site "Quebec"]
[Date "2008.07.15"]
[Round "3"]
[White "Ding, Jill"]
[Black "Wang, Yan"]
[Result "0-1"]
[WhiteElo "991"]
[BlackElo "1587"]
[PlyCount "66"]
[EventDate "2008.07.14"]
[EventType "swiss"]
[EventRounds "6"]
[EventCountry "CAN"]
[SourceTitle "EXT 2011"]
[Source "ChessBase"]
[SourceDate "2010.11.26"]
[SourceVersion "1"]
[SourceVersionDate "2010.11.26"]
[SourceQuality "1"]

1. e4 c5 2. b3 e6 3. Bb2 Nc6 4. Bb5 a6 5. Bxc6 bxc6 6. f4 d5 7. d3 Qc7 8. Ne2 Qd8 9. 0-0 Nf6 10. Nd2 g6 11. Qe1 h5 12. Qh4 Be7 13. Qf2 Rh7 14. Ng3 h4 15. Ne2 Bd7 16. c4 d4 17. h3 Nh5 18. Nf3 Bf6 19. Ba3 Qa5 20. Bc1 Ng7 21. Ng5 Rh8 22. e5 Bxg5 23. fxg5 Nf5 24. g4 hxg3 25. Nxg3 Rxh3 26. Ne4 0-0-0 27. Bd2 Qb6 28. Nd6+ Nxd6 29. exd6 Rf8 30. Qf6 Qd8 31. Qe5 Rxd3 32. Qxc5 Rxd2 33. Qa7 Qxg5+ 0-1